| 000 | 00543 a2200145 4500 | ||
|---|---|---|---|
| 003 | OSt | ||
| 005 | 20231109153939.0 | ||
| 008 | 231109b |||||||| |||| 00| 0 eng d | ||
| 040 | _coclc | ||
| 082 |
_a910.4 _bPUR/H |
||
| 100 | 1 |
_aPurchas, Samuel, _d1577?-1626. _99882 |
|
| 245 |
_aHakluytus posthumus, or, Purchas his Pilgrimes: : _bcontayning a history of the world in sea voyages and lande travells by Englishmen and others, / Vol X _c Samuel Purchas, |
||
| 300 | _a525p | ||
| 942 |
_2ddc _cBK _h910.4 _iPUR/H _k910.4 _mPUR/H |
||
| 999 |
_c43011 _d43011 |
||